Official Languages of Countries in 1914 - Statistics

General Stats
  • This quiz has been taken 114 times
  • The average score is 72 of 86
Answer Stats
Country Language % Correct
Australia English
100%
Liberia English
100%
New Zealand English
100%
United Kingdom English
100%
United States English
100%
Austria-Hungary German
99%
Belgium German
99%
Germany German
99%
Liechtenstein German
99%
Switzerland German
99%
Argentina Spanish
99%
Bolivia Spanish
99%
Chile Spanish
99%
Colombia Spanish
99%
Costa Rica Spanish
99%
Cuba Spanish
99%
Dominican Republic Spanish
99%
Ecuador Spanish
99%
El Salvador Spanish
99%
Guatemala Spanish
99%
Honduras Spanish
99%
Mexico Spanish
99%
Nicaragua Spanish
99%
Panama Spanish
99%
Paraguay Spanish
99%
Peru Spanish
99%
Spain Spanish
99%
Uruguay Spanish
99%
Venezuela Spanish
99%
Belgium French
98%
France French
98%
Haiti French
98%
Monaco French
98%
Brazil Portuguese
98%
Mbundaland Portuguese
98%
Portugal Portuguese
98%
Aussa Arabic
96%
Darfur Arabic
96%
Ha'il Arabic
96%
Muscat and Oman Arabic
96%
Nejd and Hasa Arabic
96%
Yemen Arabic
96%
Belgium Dutch
96%
Netherlands Dutch
96%
Afghanistan Farsi
96%
Persia Farsi
96%
China Standard Chinese
96%
Montenegro Serbian
95%
Serbia Serbian
95%
Russia Russian
94%
Albania Albanian
93%
Bulgaria Bulgarian
93%
Italy Italian
93%
San Marino Italian
93%
Japan Japanese
92%
Denmark Danish
91%
Greece Greek
91%
Austria-Hungary Hungarian
91%
Norway Norwegian
91%
Romania Romanian
90%
Ottoman Empire Turkish
90%
Setul Mambang Segara Thai
89%
Thailand Thai
89%
Mongolia Mongolian
88%
Sweden Swedish
87%
Luxembourg Luxembourgish
84%
Andorra Catalan
82%
Bhutan Dzongkha
76%
Ethiopia Amharic
68%
Tibet Tibetan
67%
Aussa Somali
66%
Ethiopia Somali
66%
Austria-Hungary Croatian
59%
Paraguay Guaraní
53%
Setul Mambang Segara Malay
52%
Sulu Malay
52%
Ethiopia Tigrinya
52%
Ethiopia Oromo
51%
Aussa Afar
43%
Ethiopia Afar
43%
Mbundaland Mbunda
14%
Darfur Fur
11%
Ethiopia Ge'ez
7%
Setul Mambang Segara Kedah Malay
3%
Sulu Sama-Bajau
3%
Sulu Tausūg
3%
No matching quizzes found
Score Distribution
Percent of People with Each Score
Percentile by Number Answered
Your Score History
You have not taken this quiz